| 000 | 00827nmc a2200313 a 4500 | ||
|---|---|---|---|
| 003 | AR-BaBNM | ||
| 005 | 20251128204857.0 | ||
| 008 | 026019s1992 ||||||||||||||000 | spa|| | ||
| 020 | _a84-7635-044-9 | ||
| 040 | _cAR-BaBNM | ||
| 100 | 1 | _aCano Aguilar, Rafael | |
| 245 | 1 | 0 | _aEl español a través de los tiempos |
| 250 | _a2ª ed. | ||
| 260 |
_aMadrid _bArco Libros _c1992 |
||
| 300 | 0 | _a326 p. | |
| 490 | 0 | _aEspañol para extranjeros | |
| 500 | 0 | _aContiene ejercitación | |
| 500 | 0 | _aIndice temático en p. 319-320 | |
| 504 | _aBibliografía en p. 314-317 | ||
| 650 | 4 | _aESPANOL | |
| 650 | 4 | _aMORFOLOGIA [LINGUISTICA] | |
| 650 | 4 | _aFILOLOGIA | |
| 650 | 4 | _aSINTAXIS | |
| 650 | 4 | _aETIMOLOGIA | |
| 653 | 0 | _aGRAMATICA HISTORICA | |
| 800 | 1 |
_aPorto Dapena, J.A. _edirector |
|
| 942 | _cBK | ||
| 998 | _cisola | ||
| 999 |
_c9161 _d9161 |
||